Biblioteca

La Sagrada Escritura. Antiguo Testamento : Pentateuco / Félix Asencio...[et. al.] Profesores de la Compañía de Jesús, Texto y comentario (Registro nro. 33136)

Detalles MARC
000 -LÍDER
Campo fijo de descripción fija 004950000a22001450004500
041 0# - CÓDIGO DE IDIOMA
Código de idioma para texto/pista de sonido o título separado
082 04 - NÚMERO DE CLASIFICACIÓN DECIMAL DEWEY
Número de clasificación G 222.1 A816s
001 - NÚMERO DE CONTROL
Campo de control 2100
245 10 - TÍTULO
Título del Material La Sagrada Escritura. Antiguo Testamento : Pentateuco / Félix Asencio...[et. al.] Profesores de la Compañía de Jesús, Texto y comentario
260 ## - PUBLICACIÓN, DISTRIBUCIÓN, ETC. (PIE DE IMPRENTA)
Lugar de publicación, distribución, etc. Madrid, España : Biblioteca de Autores Cristianos
300 ## - DESCRIPCIÓN FÍSICA
Extensión XXIX, 1001 Pag
650 14 - ASIENTO SECUNDARIO DE MATERIA - TERMINO TEMÁTICO
Término temático o nombre geográfico como elemento de entrada BIBLIA A.T. - TORÁ - COMENTARIOS
942 ## - TIPO DE MATERIAL (KOHA)
Tipo de Item KOHA Libros General
Existencias
Estado de Material Estado de Perdido Estado de Dañado No para Préstamo Colección Tomo Biblioteca de Origen Biblioteca Permanente Fecha de Adquisición Total de Préstamos Signatura Topográfica Código de Barras Última vez visto Última vez Préstado Ejemplar/Existencia Fecha de Remplazo Tipo de Material
        Colección General   Biblioteca FUSBC Biblioteca FUSBC 11/11/2004 3 G 222.1 A816s 1631 12/12/2019 13/11/2019 1 26/01/2016 Libros General

Biblioteca FUSBC | Teléfono: (57+4) 349 88 10 Ext. 141| WhatsApp (+57) 3005338115 
E-mail: biblioteca@unisbc.edu.co | Calle 76 87-14 Robledo Palenque, Medellín, Colombia

Con tecnología Koha